| 000 | 00562nam a22001937a 4500 | ||
|---|---|---|---|
| 005 | 20251108173643.0 | ||
| 008 | 250721s2002 xx 000 0 ara d | ||
| 020 | _a995328007x | ||
| 082 | 1 | 4 | _aم/ط/200/هاش |
| 100 | 1 |
_aالهاشم، أنطوان _eمترجم |
|
| 245 | 1 | 0 | _aموسوعة لاروس : ديانات العالم / |
| 264 | 1 |
_aبيروت : _bعويدات، _c2002. |
|
| 300 | _a95ص | ||
| 490 | 0 | _aشبابنا | |
| 650 | 1 | 7 | _aالديانات |
| 653 | _aناشئون كبار (15-18) سنة | ||
| 942 |
_2ddc _cREF |
||
| 999 |
_c109149 _d109149 |
||